Chinos mineros-danzantes del norte chico, siglos XIX y XX
I tiakina i:
| Kaituhi matua: | |
|---|---|
| Hōputu: | Pukapuka |
| Reo: | Pāniora |
| I whakaputaina: |
Santiago
Universidad Bolivariana
2007
|
| Putanga: | 1a. ed |
| Ngā marau: | |
| Ngā Tūtohu: |
Tāpirihia he Tūtohu
Kāore He Tūtohu, Me noho koe te mea tuatahi ki te tūtohu i tēnei pūkete!
|
MARC
| LEADER | 00000cam a2200000 a 4500 | ||
|---|---|---|---|
| 001 | UCI9334 | ||
| 003 | CL-VaPUC | ||
| 008 | 081113e20070000CL |||||||||||||||||spa|d | ||
| 020 | |a 9789568024840 | ||
| 082 | 0 | 4 | |a 398.0983 |b GOD |2 21 |
| 100 | |a Godoy Orellana, Milton |e autor |9 597168 | ||
| 245 | 1 | 0 | |a Chinos mineros-danzantes del norte chico, siglos XIX y XX |
| 250 | |a 1a. ed | ||
| 300 | |a 110 p | ||
| 942 | |c BK | ||
| 945 | |d 20081113 00:00:00 |a rbrito | ||
| 260 | |a Santiago |b Universidad Bolivariana |c 2007 | ||
| 650 | 0 | |a Bailes chinos |9 522650 | |
| 650 | 0 | |a Costumbres y tradiciones |9 268292 | |
| 650 | 0 | |a Fiestas religiosas |9 349319 | |
| 650 | 0 | |a Folklore chileno |9 265536 | |
| 650 | 0 | |a Danzas religiosas |9 483470 | |
| 650 | 0 | |a Danzas folkloricas chilenas |9 425736 | |
| 651 | 7 | |a CHILE |2 CL-VaPUC |9 532999 | |
| 583 | |a last modification |c 20170428 12:03:07 |k Rodrigo Vera | ||
| 999 | |c 331893 |d 331891 | ||
| 952 | |0 0 |1 0 |4 0 |6 398_098300000000000_GOD_2007 |7 0 |8 A |9 419099 |a BIBHIS |b BIBHIS |d 2019-11-22 |i 4496507 |l 2 |o 398.0983 GOD 2007 |p 4496507 |r 2025-01-20 |s 2024-10-09 |w 2019-11-22 |y BK |k HIS | ||